000 05021nam a2200529Ia 4500
001 dia_6459
003 CHAP
005 20240927181031.0
007 ta
008 220117s2011 mx ad fsm 001 0 spa d
010 _a177379
040 _cCHAP
_amxchpua
_erda
041 0 _aspa
_beng
090 _aTesis
_bG632
_c2011
100 1 _aGodínez González, Carla Samanta
245 1 0 _aExploración del estatus de la calidad en la cadena leche-queso crema de Chiapas en la región centro-costa del estado /
_cCarla Samanta Godínez González
264 _aChapingo, México :
_bEl autor,
_c2011
300 _aix, 83 hojas :
_bilustraciones, gráficas, diagramas, tablas +
_e1 CD-ROM
336 _2rdacontent
_atexto
_btxt
337 _2rdamedia
_ano mediado
_bn
338 _2rdacarrier
_avolumen
_bnc
500 _aEl CD contiene reporte
502 _aTesis
_b(Maestro en Ciencias en Ciencia y Tecnología Agroalimentaria) --
_cUACh. Departamento de Ingeniería Agroindustrial,
_d2011
504 _aIncluye bibliografías
520 3 _aEl objetivo del estudio fue evaluar la calidad fisicoquímica y sanitaria de leche cruda de vaca, utilizada en la elaboración de Queso Crema de Chiapas. Se seleccionaron cuatro queserías en Pijijiapan, una en Villaflores y una en Villacorzo. De cada quesería se eligieron tres ranchos proveedores de leche para realizar el análisis de la calidad de la misma, durante la estación de lluvias y de secas. A las muestras de leche se les determinó lactosa, proteína total, caseína, grasa butírica, densidad, sólidos no grasos, punto crioscópico, ácidos grasos libres, ácido cítrico, cuenta total de bacterias mesófilas aerobias, conteo de células somáticas y acidez titulable. Los resultados de calidad de leche se compararon con la NMX-F-700-COFOCALEC-2004. Se realizaron análisis de varianza para modelos mixtos y un análisis por conglomerados con la información de calidad de la leche. Durante la época de lluvias la calidad fisicoquímica de la leche suministrada por los ranchos a las queserías superó los estándares para todos los atributos establecidos en la norma. En la época de secas los resultados fueron más variables y en general la leche fue de menor calidad. En ambas estaciones de producción la calidad sanitaria fue deficiente y se caracterizó por cuentas elevadas de mesófilos aerobios (más de 6 log10 UFC/mL). La información de calidad de leche se agrupó en dos conglomerados que correspondieron en gran medida a las dos estaciones de producción, lo que indica que la zona de producción no tiene efecto sobre la calidad de la leche. --
520 3 _aThe objective of this research was to evaluate the physico-chemical and sanitary quality of raw milk used in making Queso Crema de Chiapas. Four cheese manufacturing plants in Pijijiapan, one in Villaflores and one in Villacorzo were selected. From each cheese factory, three farms were chosen and the milk they supplied was analyzed during both the rainy season and dry season. Milk samples were analyzed for lactose, total protein, casein, milkfat, density, non-fat solids, freezing point, free fatty acids, citric acid, total mesophilic bacteria count, somatic cell count and titratable acidity. Results from milk quality data were compared with national standards established by the Mexican norm NMX-F-700-COFOCALEC-2004 for raw milk. Variance analysis for mixed models and cluster analysis were performed on the data. During the rainy season, the physicochemical milk quality provided by the farms to the cheese factories was superior for all attributes established by the Mexican norm. In contrast, during the dry season the results were more variable, and in general, the milk supplied was of lower quality. In both seasons, sanitary milk quality was deficient, characterized by high mesophilic bacteria count (over 6 log10 UFC/mL). The milk quality data was summarized in two clusters, which corresponded to the two production seasons; indicating that milk quality was not influenciated by the production region.
650 1 3 _aIndustria lechera
_zMéxico
_zChiapas
_2atg
650 1 3 _aIndustria quesera
_zMéxico
_zChiapas
_2atg
650 1 3 _aBuenas prácticas de higiene
_2atg
650 1 3 _aInocuidad alimentaria
_2atg
650 1 3 _aLeche
_xCalidad
_zMéxico
_zChiapas
_2atg
650 1 3 _aCheese industry
_zMexico
_zChiapas
_2atg
650 1 3 _aDairy industry
_zMexico
_zChiapas
_2atg
650 1 3 _aFood safety
_2atg
650 1 3 _aGood hygiene practices
_2atg
650 1 3 _aMilk
_xQuality
_zMexico
_zChiapas
_2atg
700 1 _aGarcía Muñiz, José Guadalupe
_edirector
700 1 _aLeyva Ruelas, Gabriel
_easesor
700 1 _aSantos Moreno, Armando
_easesor
856 4 1 _uhttp://10.13.5.2/tesis/113996.pdf
_yDESCARGAR PDF
901 _aTESIS G632 2011
902 _aM
905 _a5232272011 mx nmal8223123322spa16
942 _cTESIS
_2Clasificación Universidad Autónoma Chapingo
999 _c177379
_d177379